[Event "Chiang Mai op 20th"]
[Site "Chiangmai"]
[Date "2022.10.24"]
[Round "3"]
[White "Tari, Aryan"]
[Black "Schebler, Gerhard"]
[Result "1-0"]
[WhiteElo "2656"]
[BlackElo "2374"]
[PlyCount "65"]
[EventDate "2022.10.22"]
[EventType "swiss"]
[EventRounds "9"]
[EventCountry "THA"]
[SourceTitle "EXT 2024"]
[Source "ChessBase"]
[SourceDate "2023.10.10"]
[SourceVersion "1"]
[SourceVersionDate "2023.10.10"]
[SourceQuality "1"]

1. e4 c6 2. d4 d5 3. e5 Bf5 4. Nf3 e6 5. Be2 Ne7 6. c3 Nd7 7. 0-0 h6 8. a4 Qc7 9. a5 a6 10. b4 g5 11. Ne1 0-0-0 12. Nd3 Bg7 13. Ba3 Nb8 14. Nc5 Ng6 15. Re1 Nf4 16. Bf1 h5 17. Nd2 h4 18. c4 f6 19. Na4 Qf7 20. Nb6+ Kc7 21. b5 fxe5 22. dxe5 Bf8 23. cxd5 exd5 24. bxa6 Nxa6 25. Bxa6 bxa6 26. Qb3 Bxa3 27. Rxa3 Rhf8 28. Qb4 Nd3 29. Rxd3 Bxd3 30. Nf3 Be4 31. Rc1 Bxf3 32. Na8+ Kd7 33. Qd6+ 1-0

[Event "Bangkok Thailand op"]
[Site "Bangkok"]
[Date "2021.12.19"]
[Round "6"]
[White "Schebler, Gerhard"]
[Black "Makarov, Nikolay Val"]
[Result "1/2-1/2"]
[WhiteElo "2390"]
[BlackElo "2306"]
[PlyCount "122"]
[EventDate "2021.12.15"]
[EventType "swiss"]
[EventRounds "9"]
[EventCountry "THA"]
[SourceTitle "CBM 206 Extra"]
[Source "ChessBase"]
[SourceDate "2022.03.31"]
[SourceVersion "1"]
[SourceVersionDate "2022.03.31"]
[SourceQuality "1"]

1. d4 d5 2. c4 c6 3. cxd5 cxd5 4. Nc3 Nf6 5. Bf4 Nc6 6. e3 a6 7. Bd3 g6 8. h3 Bg7 9. Nf3 0-0 10. Rc1 Re8 11. 0-0 h6 12. Bh2 e6 13. a3 Re7 14. Na4 Nd7 15. e4 Nb6 16. e5 Nxa4 17. Qxa4 Qb6 18. Rc3 Bd7 19. Qb3 Qa7 20. Rd1 Be8 21. Qc2 Rc8 22. Bf4 Rec7 23. Be3 Qb8 24. Qd2 h5 25. Rdc1 Ne7 26. Bg5 Rxc3 27. Rxc3 Rxc3 28. Qxc3 Nc6 29. b4 Qc8 30. Nd2 Na7 31. Qxc8 Nxc8 32. Nb3 Na7 33. Nc5 Bc6 34. Kf1 Kf8 35. Ke1 Ke8 36. Kd2 Bf8 37. g4 hxg4 38. hxg4 Nc8 39. Kc3 Nb6 40. Kb3 Na8 41. f4 Nc7 42. a4 Bxc5 43. dxc5 d4 44. Bh4 Bd5+ 45. Ka3 Bf3 46. Bf2 Nd5 47. b5 axb5 48. Bxb5+ Kd8 49. Bxd4 Nxf4 50. g5 Bc6 51. Bf1 Kc7 52. Be3 Nd5 53. Bd2 Ne7 54. Bd3 Bd5 55. Ba5+ Kc8 56. Bc3 Bf3 57. Bd2 Nc6 58. Bc3 Nb8 59. Bb5 Bc6 60. Kb3 Nd7 61. Kc4 Kc7 1/2-1/2

[Event "Bangkok Thailand op"]
[Site "Bangkok"]
[Date "2021.12.17"]
[Round "5"]
[White "Lalith, Babu MR"]
[Black "Schebler, Gerhard"]
[Result "1/2-1/2"]
[WhiteElo "2553"]
[BlackElo "2390"]
[PlyCount "46"]
[EventDate "2021.12.15"]
[EventType "swiss"]
[EventRounds "9"]
[EventCountry "THA"]
[SourceTitle "CBM 206 Extra"]
[Source "ChessBase"]
[SourceDate "2022.03.31"]
[SourceVersion "1"]
[SourceVersionDate "2022.03.31"]
[SourceQuality "1"]

1. d4 d6 2. Nf3 Nf6 3. c4 g6 4. Nc3 Bg7 5. e4 0-0 6. h3 e5 7. d5 a5 8. Bg5 Na6 9. Be2 Qe8 10. g4 Nd7 11. a3 Nb6 12. Rg1 Bd7 13. Nd2 a4 14. h4 Nc5 15. Be3 f6 16. g5 fxg5 17. hxg5 Rf4 18. Qc2 Qe7 19. 0-0-0 Raf8 20. f3 Rh4 21. Rh1 Rff4 22. Rxh4 Rxh4 23. Rg1 Be8 1/2-1/2

[Event "Bangkok Thailand op"]
[Site "Bangkok"]
[Date "2021.12.16"]
[Round "2"]
[White "Schebler, Gerhard"]
[Black "Sajjapornthep, Jarunpol"]
[Result "1-0"]
[WhiteElo "2390"]
[BlackElo "1865"]
[PlyCount "91"]
[EventDate "2021.12.15"]
[EventType "swiss"]
[EventRounds "9"]
[EventCountry "THA"]
[SourceTitle "CBM 206 Extra"]
[Source "ChessBase"]
[SourceDate "2022.03.31"]
[SourceVersion "1"]
[SourceVersionDate "2022.03.31"]
[SourceQuality "1"]

1. d4 d5 2. Bf4 Nf6 3. e3 e6 4. Nd2 c5 5. c3 Nc6 6. Bd3 c4 7. Bc2 b5 8. a3 a5 9. Ngf3 Bd7 10. Ne5 b4 11. Qf3 b3 12. Bd1 Rc8 13. 0-0 Be7 14. Qg3 Bf8 15. Re1 h6 16. Qh3 Nxe5 17. Bxe5 Bc6 18. Bxf6 Qxf6 19. e4 Be7 20. Bf3 0-0 21. Re2 Qh4 22. Qxh4 Bxh4 23. Rae1 Bg5 24. exd5 Bxd2 25. Rxd2 Bxd5 26. Bxd5 exd5 27. Rde2 Kh7 28. Re7 Kg6 29. R1e5 Rcd8 30. Kf1 Kf6 31. Ra7 Rfe8 32. f4 g5 33. Rxa5 Rxe5 34. fxe5+ Kf5 35. Ra6 Ke4 36. Ke2 h5 37. Rf6 Rd7 38. g3 h4 39. gxh4 gxh4 40. Rh6 Kf4 41. Rxh4+ Kg5 42. Rh3 f5 43. Kf3 f4 44. Rh8 Ra7 45. h4+ Kf5 46. Rh6 1-0

[Event "Pattaya Thailand op 2nd"]
[Site "Pattaya"]
[Date "2019.10.26"]
[Round "5"]
[White "Schebler, Gerhard"]
[Black "Kulpruethanon, Thanadon"]
[Result "1/2-1/2"]
[WhiteElo "2398"]
[BlackElo "2216"]
[PlyCount "49"]
[EventDate "2019.10.23"]
[EventType "swiss"]
[EventRounds "9"]
[EventCountry "THA"]
[SourceTitle "CBM 192 Extra"]
[Source "Chessbase"]
[SourceDate "2019.11.06"]
[SourceVersion "1"]
[SourceVersionDate "2019.11.06"]
[SourceQuality "1"]

1. e4 c5 2. Nc3 g6 3. d4 cxd4 4. Qxd4 Nf6 5. Nf3 Nc6 6. Qa4 d6 7. e5 dxe5 8. Nxe5 Qd4 9. Nxc6 Qxa4 10. Nxa4 bxc6 11. Be3 Nd5 12. Bd4 f6 13. Bc4 Nf4 14. g3 e5 15. Bc5 Be6 16. Bxe6 Nxe6 17. Be3 h5 18. 0-0-0 Rh7 19. Rd3 Rd8 20. Rhd1 Rxd3 21. Rxd3 Rb7 22. c3 g5 23. b4 f5 24. Rd1 f4 25. Bd2 1/2-1/2

[Event "Pattaya Thailand op 2nd"]
[Site "Pattaya"]
[Date "2019.10.26"]
[Round "5"]
[White "Schebler, Gerhard"]
[Black "Kulpruethanon, Thanadon"]
[Result "1-0"]
[WhiteElo "2398"]
[BlackElo "2216"]
[PlyCount "31"]
[EventDate "2019.10.23"]
[EventType "swiss"]
[EventRounds "9"]
[EventCountry "THA"]
[SourceTitle "CBM 192 Extra"]
[Source "Chessbase"]
[SourceDate "2019.11.06"]
[SourceVersion "1"]
[SourceVersionDate "2019.11.06"]
[SourceQuality "1"]

1. e4 c5 2. Nc3 g6 3. d4 cxd4 4. Qxd4 Nf6 5. Nf3 Nc6 6. Qa4 d6 7. e5 dxe5 8. Nxe5 Qd4 9. Nxc6 Qxa4 10. Nxa4 bxc6 11. Be3 e5 12. Be2 Nd5 13. Bf3 Bf5 14. c4 Nb4 15. 0-0 e4 16. Bd4 1-0

[Event "Pattaya Thailand op 2nd"]
[Site "Pattaya"]
[Date "2019.10.25"]
[Round "4"]
[White "Kananub, Warot"]
[Black "Schebler, Gerhard"]
[Result "0-1"]
[WhiteElo "2206"]
[BlackElo "2398"]
[PlyCount "105"]
[EventDate "2019.10.23"]
[EventType "swiss"]
[EventRounds "9"]
[EventCountry "THA"]
[SourceTitle "CBM 192 Extra"]
[Source "Chessbase"]
[SourceDate "2019.11.06"]
[SourceVersion "1"]
[SourceVersionDate "2019.11.06"]
[SourceQuality "1"]

1. d4 e6 2. c4 Bb4+ 3. Bd2 Bxd2+ 4. Qxd2 Nf6 5. Nc3 d5 6. e3 0-0 7. Nf3 Nbd7 8. cxd5 exd5 9. Bd3 Qe7 10. 0-0 c6 11. Qc2 Re8 12. Rab1 a5 13. Na4 Qd6 14. Rfc1 Ne4 15. Bxe4 Rxe4 16. Nc3 Re8 17. Ne2 Nf6 18. Ng3 Ne4 19. Ne5 Nxg3 20. hxg3 Qf6 21. Qe2 Bf5 22. Ra1 Qe7 23. Qd2 Qd6 24. Qc3 Be4 25. Qb3 Re7 26. Qc3 h5 27. Qc5 Qc7 28. b3 Rae8 29. Rc3 Re6 30. Rac1 f6 31. Nd3 g5 32. Qa3 Bxd3 33. Rxd3 h4 34. gxh4 Qh7 35. Rcd1 Qxh4 36. Qxa5 R6e7 37. Qe1 g4 38. g3 Qh7 39. Qf1 Qf5 40. Qg2 Rh7 41. e4 Rxe4 42. Re3 Rxe3 43. fxe3 Qe6 44. Re1 f5 45. Kf2 Rh3 46. Rh1 Qh6 47. Rxh3 gxh3 48. Qf1 Kg7 49. Qe1 h2 50. Kg2 h1Q+ 51. Qxh1 Qxe3 52. Qg1 Qe4+ 53. Kh2 0-1

[Event "Pattaya Thailand op 2nd"]
[Site "Pattaya"]
[Date "2019.10.25"]
[Round "1"]
[White "Schebler, Gerhard"]
[Black "Ashwin, Hariharan"]
[Result "1/2-1/2"]
[WhiteElo "2398"]
[BlackElo "1837"]
[PlyCount "89"]
[EventDate "2019.10.23"]
[EventType "swiss"]
[EventRounds "9"]
[EventCountry "THA"]
[SourceTitle "CBM 192 Extra"]
[Source "Chessbase"]
[SourceDate "2019.11.06"]
[SourceVersion "1"]
[SourceVersionDate "2019.11.06"]
[SourceQuality "1"]

1. Nf3 d5 2. g3 Bg4 3. Bg2 Nd7 4. d4 c6 5. Nbd2 Ngf6 6. 0-0 e6 7. Re1 Be7 8. e4 0-0 9. c3 dxe4 10. Nxe4 Nxe4 11. Rxe4 Bxf3 12. Bxf3 Bg5 13. Bxg5 Qxg5 14. Qb3 Rab8 15. Rae1 Qa5 16. a3 Qc7 17. R4e2 Nf6 18. Qc4 Rfd8 19. h4 h6 20. Re5 Rbc8 21. Qe2 Qd6 22. Bg2 Rc7 23. Kh2 b6 24. Kg1 c5 25. dxc5 Rxc5 26. Rxc5 Qxc5 27. Bf3 Qc7 28. Kg2 Nd7 29. Be4 Nf6 30. Bc2 Qd6 31. Qf3 Qd5 32. Be4 Nxe4 33. Rxe4 Qd1 34. Rc4 Qxf3+ 35. Kxf3 Rd2 36. b3 Rb2 37. b4 Ra2 38. Rc8+ Kh7 39. h5 Rxa3 40. Rc7 a5 41. bxa5 Rxa5 42. Rxf7 Rxh5 43. Rb7 Rc5 44. Rxb6 Rxc3+ 45. Ke4 1/2-1/2

[Event "Pattaya op 1st"]
[Site "Pattaya"]
[Date "2019.07.15"]
[Round "8"]
[White "Dimakiling, Oliver"]
[Black "Schebler, Gerhard"]
[Result "1-0"]
[WhiteElo "2403"]
[BlackElo "2391"]
[PlyCount "86"]
[EventDate "2019.07.09"]
[EventType "swiss"]
[EventRounds "9"]
[EventCountry "THA"]
[SourceTitle "EXT 2020"]
[Source "ChessBase"]
[SourceDate "2019.10.17"]
[SourceVersion "1"]
[SourceVersionDate "2019.10.17"]
[SourceQuality "1"]

1. Nf3 Nf6 2. d4 g6 3. g3 Bg7 4. Bg2 0-0 5. 0-0 c6 6. b3 d5 7. Bb2 Ne4 8. Nbd2 Nxd2 9. Qxd2 Bf5 10. Nh4 Be6 11. e4 dxe4 12. Bxe4 Bd5 13. Bf3 Bxf3 14. Nxf3 c5 15. Rad1 Nc6 16. c4 cxd4 17. Nxd4 Nxd4 18. Bxd4 Bxd4 19. Qxd4 Qa5 20. Qe3 Qc7 21. Rd4 a6 22. Re1 e6 23. Qh6 Rfe8 24. Red1 Rad8 25. Qd2 Rxd4 26. Qxd4 Rc8 27. h4 h5 28. Qf6 b5 29. Rd4 bxc4 30. Rxc4 Qd8 31. Qf3 Rxc4 32. bxc4 Qa5 33. a3 Kf8 34. Kg2 Qb6 35. Qa8+ Ke7 36. Qc8 Qa5 37. c5 Kf6 38. Qc6 Qd2 39. Qf3+ Ke7 40. Qb7+ Kf6 41. c6 Qd5+ 42. Kh2 Qc5 43. Kg1 Qd4 1-0

[Event "Pattaya op 1st"]
[Site "Pattaya"]
[Date "2019.07.13"]
[Round "5"]
[White "Karthikeyan, Pandian"]
[Black "Schebler, Gerhard"]
[Result "1-0"]
[WhiteElo "2415"]
[BlackElo "2391"]
[PlyCount "95"]
[EventDate "2019.07.09"]
[EventType "swiss"]
[EventRounds "9"]
[EventCountry "THA"]
[SourceTitle "EXT 2020"]
[Source "ChessBase"]
[SourceDate "2019.10.17"]
[SourceVersion "1"]
[SourceVersionDate "2019.10.17"]
[SourceQuality "1"]

1. d4 Nf6 2. c4 e6 3. Nf3 b6 4. Bf4 Bb7 5. e3 Bb4+ 6. Nfd2 0-0 7. a3 Be7 8. Nc3 d5 9. Bd3 c5 10. dxc5 d4 11. exd4 Qxd4 12. Nde4 bxc5 13. Be3 Qe5 14. Qf3 Nxe4 15. Bxe4 Bxe4 16. Qxe4 Qxe4 17. Nxe4 Nd7 18. 0-0-0 Rfd8 19. Kc2 Kf8 20. b3 Ke8 21. Nd6+ Bxd6 22. Rxd6 Rdc8 23. Rhd1 Rc7 24. Bf4 Rac8 25. Ra6 Rb7 26. Ra5 Rc6 27. Rd6 Rcb6 28. Rxb6 axb6 29. Ra8+ Ke7 30. b4 cxb4 31. axb4 e5 32. Be3 b5 33. cxb5 Rxb5 34. Kb3 f5 35. Kc4 Rb7 36. f3 Rc7+ 37. Bc5+ Nxc5 38. bxc5 e4 39. fxe4 fxe4 40. Kd5 Rd7+ 41. Kxe4 Rd2 42. c6 Rc2 43. Ra7+ Kf6 44. Kd5 Rd2+ 45. Kc5 Rxg2 46. c7 Rc2+ 47. Kd6 Rd2+ 48. Kc6 1-0

[Event "Bangkok Cha Am op 19th"]
[Site "Bangkok"]
[Date "2019.04.13"]
[Round "8"]
[White "Vasquez Schroder, Rodrigo Rafael"]
[Black "Schebler, Gerhard"]
[Result "1/2-1/2"]
[WhiteElo "2487"]
[BlackElo "2385"]
[PlyCount "90"]
[EventDate "2019.04.06"]
[EventType "swiss"]
[EventRounds "9"]
[EventCountry "THA"]
[SourceTitle "CBM 189 Extra"]
[Source "ChessBase"]
[SourceDate "2019.06.03"]
[SourceVersion "1"]
[SourceVersionDate "2019.06.03"]
[SourceQuality "1"]

1. d4 Nf6 2. c4 g6 3. g3 c5 4. Nf3 cxd4 5. Nxd4 Bg7 6. Bg2 0-0 7. Nc3 Nc6 8. 0-0 Qa5 9. e3 d6 10. Qe2 Bg4 11. Qd2 Rfc8 12. b3 Rab8 13. h3 Bd7 14. Nde2 a6 15. a3 b5 16. b4 Qb6 17. cxb5 axb5 18. f4 Be6 19. Bb2 Bc4 20. Kh2 d5 21. Rfc1 Rd8 22. Nd1 Ne4 23. Qc2 e5 24. fxe5 Nxe5 25. Bd4 Qd6 26. Nf4 Nxg3 27. Bc5 Qc7 28. Kxg3 Nd3 29. h4 d4 30. Be4 Nxc5 31. bxc5 d3 32. Qd2 Bxa1 33. Rxa1 Qe5 34. Nc3 h6 35. Kf2 Qxc5 36. Bf3 Rb6 37. Ne4 Qe5 38. Qa5 Rbb8 39. Qc3 Qxc3 40. Nxc3 b4 41. axb4 Rxb4 42. e4 d2 43. Nfd5 Bxd5 44. Nxd5 Rb2 45. Ke2 Kg7 1/2-1/2

[Event "Bangkok Cha Am op 19th"]
[Site "Bangkok"]
[Date "2019.04.07"]
[Round "2"]
[White "Chandreyee, Hajra"]
[Black "Schebler, Gerhard"]
[Result "0-1"]
[WhiteElo "1916"]
[BlackElo "2385"]
[PlyCount "92"]
[EventDate "2019.04.06"]
[EventType "swiss"]
[EventRounds "9"]
[EventCountry "THA"]
[SourceTitle "CBM 189 Extra"]
[Source "ChessBase"]
[SourceDate "2019.06.03"]
[SourceVersion "1"]
[SourceVersionDate "2019.06.03"]
[SourceQuality "1"]

1. e4 c5 2. Nf3 Nc6 3. Bb5 e6 4. Bxc6 bxc6 5. 0-0 Ne7 6. Re1 Ng6 7. c3 d5 8. exd5 cxd5 9. d4 Bd6 10. Be3 cxd4 11. cxd4 0-0 12. Nbd2 Bd7 13. Nb3 Ba4 14. Qd2 Bxb3 15. axb3 Qb6 16. Qd3 a5 17. Ne5 Nxe5 18. dxe5 Bc5 19. Bxc5 Qxc5 20. Rec1 Qb6 21. Ra4 Rfc8 22. Rca1 Qc7 23. Qe2 Rab8 24. Rxa5 Rxb3 25. Ra7 Qb8 26. R7a2 Rb4 27. g3 h6 28. Qa6 Rbc4 29. Qd6 Rc1+ 30. Rxc1 Rxc1+ 31. Kg2 Qb5 32. Qa6 Qb3 33. Ra1 Qxb2 34. Rxc1 Qxc1 35. Qb5 Qc7 36. f4 Qc2+ 37. Kf3 g5 38. Qe8+ Kg7 39. Qd8 Qe4+ 40. Kf2 Qf5 41. Kf3 gxf4 42. gxf4 Qh3+ 43. Kf2 Qxh2+ 44. Kf3 Qh3+ 45. Kf2 Qf5 46. Kf3 h5 0-1

[Event "Laos op"]
[Site "Vientiane"]
[Date "2018.01.06"]
[Round "6"]
[White "Duong, The Anh"]
[Black "Schebler, Gerhard"]
[Result "1/2-1/2"]
[WhiteElo "2320"]
[BlackElo "2394"]
[PlyCount "36"]
[EventDate "2018.01.03"]
[EventType "swiss"]
[EventRounds "9"]
[EventCountry "LAO"]
[SourceTitle "CBM 182 Extra"]
[Source "ChessBase"]
[SourceDate "2018.02.23"]
[SourceVersion "1"]
[SourceVersionDate "2018.02.23"]
[SourceQuality "1"]

1. d4 e6 2. c4 Nf6 3. Nc3 Bb4 4. e3 0-0 5. Nge2 Re8 6. a3 Bf8 7. Ng3 d6 8. Be2 e5 9. 0-0 a5 10. b3 exd4 11. exd4 c6 12. Bf3 Nbd7 13. Bf4 Nb6 14. Qd3 a4 15. b4 d5 16. c5 Nc4 17. Qc2 b5 18. cxb6 Nxb6 1/2-1/2

[Event "Laos op"]
[Site "Vientiane"]
[Date "2018.01.04"]
[Round "2"]
[White "Tantipura, Noppakorn"]
[Black "Schebler, Gerhard"]
[Result "0-1"]
[WhiteElo "1823"]
[BlackElo "2394"]
[PlyCount "56"]
[EventDate "2018.01.03"]
[EventType "swiss"]
[EventRounds "9"]
[EventCountry "LAO"]
[SourceTitle "CBM 182 Extra"]
[Source "ChessBase"]
[SourceDate "2018.02.23"]
[SourceVersion "1"]
[SourceVersionDate "2018.02.23"]
[SourceQuality "1"]

1. e4 c6 2. d4 d5 3. e5 Bf5 4. Nf3 e6 5. Be2 Nd7 6. 0-0 Ne7 7. Nbd2 h6 8. Nb3 Qc7 9. Be3 g5 10. a4 Bg7 11. a5 a6 12. Qd2 Bh7 13. Bd3 Bxd3 14. cxd3 Ng6 15. Rfc1 f6 16. exf6 Bxf6 17. Qe2 Kf7 18. g3 Rae8 19. Re1 Kg7 20. Qc2 g4 21. Nfd2 h5 22. Nc5 Nxc5 23. Qxc5 h4 24. Nb3 Qf7 25. Qa7 Be7 26. Bd2 Bd6 27. Re3 hxg3 28. fxg3 Rxh2 0-1

[Event "Johor op 4th"]
[Site "Johor"]
[Date "2017.12.16"]
[Round "9"]
[White "Schebler, Gerhard"]
[Black "Miciano, John Marvin"]
[Result "1-0"]
[WhiteElo "2415"]
[BlackElo "2224"]
[PlyCount "84"]
[EventDate "2017.12.11"]
[EventType "swiss"]
[EventRounds "9"]
[EventCountry "MAS"]
[SourceTitle "EXT 2019"]
[Source "ChessBase"]
[SourceDate "2018.10.10"]
[SourceVersion "1"]
[SourceVersionDate "2018.10.10"]
[SourceQuality "1"]

1. e4 d6 2. d4 Nf6 3. Nc3 g6 4. f4 Bg7 5. Nf3 0-0 6. Bd3 Nbd7 7. e5 Ne8 8. Qe2 c5 9. Be3 cxd4 10. Bxd4 dxe5 11. fxe5 Nc7 12. 0-0-0 Ne6 13. Bc4 Nxd4 14. Rxd4 Qa5 15. Nd5 Kh8 16. h4 h5 17. Nxe7 Qc5 18. Nxc8 Nxe5 19. Nd6 Nxc4 20. Qxc4 Bxd4 21. Qxd4+ Qxd4 22. Nxd4 Rad8 23. N4b5 Rd7 24. Nc4 a6 25. Nc3 Rd4 26. Nd2 Rg4 27. Rh2 Kg7 28. Ne2 f6 29. Nf3 Rh8 30. Ned4 Kf7 31. Kd2 Re8 32. c3 Kg7 33. Kd3 Kh6 34. c4 g5 35. g3 Kg6 36. Rg2 Rge4 37. c5 f5 38. Ng1 f4 39. Nge2 Kf6 40. Rf2 R8e5 41. b4 a5 42. Kc4 axb4 1-0

[Event "Bangkok op 17th"]
[Site "Bangkok"]
[Date "2017.04.13"]
[Round "6"]
[White "Fronda Pascua, Jan Jodilyn"]
[Black "Schebler, Gerhard"]
[Result "0-1"]
[WhiteElo "2176"]
[BlackElo "2387"]
[PlyCount "48"]
[EventDate "2017.04.08"]
[EventType "swiss"]
[EventRounds "9"]
[EventCountry "THA"]
[SourceTitle "CBM 177 Extra"]
[Source "ChessBase"]
[SourceDate "2017.04.27"]
[SourceVersion "1"]
[SourceVersionDate "2017.04.27"]
[SourceQuality "1"]

1. e4 c5 2. Nf3 Nc6 3. Bb5 e6 4. Bxc6 bxc6 5. b3 Ne7 6. Bb2 Ng6 7. d3 f6 8. Nbd2 d6 9. 0-0 Be7 10. Nc4 0-0 11. h4 e5 12. h5 Nf4 13. g3 Nh3+ 14. Kg2 f5 15. Nfxe5 f4 16. Ng4 f3+ 17. Kxh3 Qe8 18. Kh2 Qxh5+ 19. Kg1 Bxg4 20. Qd2 Qh3 21. Ne3 Bg5 22. c4 Rae8 23. Rac1 Re6 24. Qc3 Rf7 0-1

[Event "Bangkok op 17th"]
[Site "Bangkok"]
[Date "2017.04.11"]
[Round "4"]
[White "Schebler, Gerhard"]
[Black "Short, Nigel D"]
[Result "0-1"]
[WhiteElo "2387"]
[BlackElo "2683"]
[PlyCount "59"]
[EventDate "2017.04.08"]
[EventType "swiss"]
[EventRounds "9"]
[EventCountry "THA"]
[SourceTitle "CBM 177 Extra"]
[Source "ChessBase"]
[SourceDate "2017.04.27"]
[SourceVersion "1"]
[SourceVersionDate "2017.04.27"]
[SourceQuality "1"]

1. d4 Nf6 2. Nf3 d5 3. Bf4 c5 4. e3 Nc6 5. c3 g6 6. h3 Bg7 7. Nbd2 Qb6 8. Qb3 c4 9. Qc2 Bf5 10. Qc1 0-0 11. Be2 Rfc8 12. 0-0 Qd8 13. b3 b5 14. Qb2 a6 15. Ne5 Nxe5 16. Bxe5 Ne4 17. Nxe4 Bxe5 18. Nc5 Rxc5 19. dxc5 b4 20. bxc4 Bxc3 21. Qb3 d4 22. Rad1 d3 23. Bf3 Rc8 24. a3 a5 25. Rc1 Rxc5 26. Rxc3 bxc3 27. Qxc3 e5 28. e4 Be6 29. Rd1 Bxc4 30. Be2 0-1

[Event "Bangkok op 17th"]
[Site "Bangkok"]
[Date "2017.04.09"]
[Round "2"]
[White "Andersen, Soren Mikkel"]
[Black "Schebler, Gerhard"]
[Result "0-1"]
[WhiteElo "2095"]
[BlackElo "2387"]
[PlyCount "116"]
[EventDate "2017.04.08"]
[EventType "swiss"]
[EventRounds "9"]
[EventCountry "THA"]
[SourceTitle "CBM 177 Extra"]
[Source "ChessBase"]
[SourceDate "2017.04.27"]
[SourceVersion "1"]
[SourceVersionDate "2017.04.27"]
[SourceQuality "1"]

1. d4 g6 2. c4 Bg7 3. Nc3 c5 4. d5 Bxc3+ 5. bxc3 f5 6. e4 fxe4 7. f3 d6 8. fxe4 Qa5 9. Bd2 Nf6 10. Qc2 Nbd7 11. Nf3 Ng4 12. Be2 Nde5 13. 0-0 Bd7 14. h3 Nxf3+ 15. gxf3 Ne5 16. f4 Nf7 17. Kh2 0-0-0 18. Rad1 Rdf8 19. Bd3 Kb8 20. e5 Nh6 21. e6 Bc8 22. f5 Nxf5 23. Bxf5 Rxf5 24. Rxf5 gxf5 25. Bg5 Qd8 26. Qxf5 Rg8 27. Rg1 Rg7 28. Bh4 Qg8 29. Rg4 Qh8 30. Rf4 Qg8 31. Rg4 Qh8 32. Rf4 Qg8 33. Rf2 a6 34. Qf7 Rxf7 35. exf7 Qf8 36. Bxe7 Qxe7 37. f8Q Qe5+ 38. Qf4 Qe7 39. Qf6 Qd7 40. Qh6 Ka7 41. Rf6 Qe7 42. Rf2 Qe5+ 43. Qf4 Qxc3 44. Rf3 Qc2+ 45. Rf2 Qd3 46. Qg3 Qxc4 47. Qxd6 Qd4 48. Rg2 Bf5 49. a4 c4 50. a5 Be4 51. Re2 Bxd5 52. Kg3 h5 53. Re7 Qg1+ 54. Kh4 Bf3 55. Qd2 Qc5 56. Qf4 Bc6 57. Qe5 Qf2+ 58. Kg5 h4 0-1

[Event "Ho Chi Minh City HD Bank op 7th"]
[Site "Ho Chi Minh City"]
[Date "2017.03.12"]
[Round "1"]
[White "Kavinda, Akila"]
[Black "Schebler, Gerhard"]
[Result "1-0"]
[WhiteElo "2084"]
[BlackElo "2402"]
[PlyCount "67"]
[EventDate "2017.03.12"]
[EventType "swiss"]
[EventRounds "9"]
[EventCountry "VIE"]
[SourceTitle "CBM 177 Extra"]
[Source "ChessBase"]
[SourceDate "2017.04.27"]
[SourceVersion "1"]
[SourceVersionDate "2017.04.27"]
[SourceQuality "1"]

1. d4 g6 2. e4 d6 3. Nc3 Bg7 4. Be3 a6 5. h4 h5 6. Qd2 b5 7. f3 Nc6 8. 0-0-0 Nf6 9. Kb1 Rb8 10. g3 e5 11. d5 Ne7 12. Nh3 0-0 13. Ng5 Bd7 14. Ne2 Rc8 15. Nc1 c6 16. dxc6 Rxc6 17. Nb3 d5 18. Bc5 Be6 19. Qb4 Re8 20. Na5 Rc7 21. Bb6 Bc8 22. Nb3 Nc6 23. Qd2 d4 24. Na5 Qd6 25. Bxc7 Qxc7 26. Nxc6 Qxc6 27. Rc1 Bh6 28. c3 dxc3 29. Qxc3 Qb6 30. Qc6 Qxc6 31. Rxc6 Bxg5 32. hxg5 Nh7 33. Be2 Bb7 34. Rc2 1-0

[Event "Penang op 8th"]
[Site "Penang"]
[Date "2016.12.05"]
[Round "1"]
[White "Tan, Jun Ying"]
[Black "Schebler, Gerhard"]
[Result "0-1"]
[WhiteElo "1978"]
[BlackElo "2406"]
[PlyCount "80"]
[EventDate "2016.12.05"]
[EventType "swiss"]
[EventRounds "9"]
[EventCountry "MAS"]
[SourceTitle "CBM 176 Extra"]
[Source "ChessBase"]
[SourceDate "2017.03.02"]
[SourceVersion "1"]
[SourceVersionDate "2017.03.02"]
[SourceQuality "1"]

1. e4 c5 2. Nf3 Nc6 3. Bb5 e6 4. 0-0 Nge7 5. c3 a6 6. Ba4 c4 7. Bc2 Ng6 8. Qe2 Nf4 9. Qe3 Qc7 10. g3 Ng6 11. b3 b5 12. Qe2 Nce5 13. a4 Nxf3+ 14. Qxf3 Rb8 15. axb5 axb5 16. d4 cxd3 17. Qxd3 Bb7 18. Be3 h5 19. Nd2 h4 20. Nf3 hxg3 21. fxg3 b4 22. c4 e5 23. Bd1 Bc5 24. Be2 Qb6 25. Bxc5 Qxc5+ 26. Kg2 Bc6 27. Rad1 Ra8 28. Rd2 Nf8 29. Nh4 g6 30. Qf3 Qe7 31. Rd5 Ra2 32. Rf2 Nh7 33. c5 Ng5 34. Qe3 Rc2 35. Bg4 Rxf2+ 36. Kxf2 Bxd5 37. exd5 Qxc5 38. d6 Ne4+ 39. Kf3 Qxe3+ 40. Kxe3 Nxd6 0-1

[Event "Bangkok op 16th"]
[Site "Bangkok"]
[Date "2016.04.17"]
[Round "9"]
[White "Arjun, Kalyan"]
[Black "Schebler, Gerhard"]
[Result "1/2-1/2"]
[WhiteElo "2299"]
[BlackElo "2430"]
[PlyCount "55"]
[EventDate "2016.04.10"]
[EventType "swiss"]
[EventRounds "9"]
[EventCountry "THA"]
[SourceTitle "CBM 171 Extra"]
[Source "ChessBase"]
[SourceDate "2016.04.26"]
[SourceVersion "1"]
[SourceVersionDate "2016.04.26"]
[SourceQuality "1"]

1. e4 c5 2. Nf3 Nc6 3. d4 cxd4 4. Nxd4 Nf6 5. Nc3 e5 6. Ndb5 d6 7. Bg5 a6 8. Na3 b5 9. Nd5 Be7 10. Bxf6 Bxf6 11. c3 Ne7 12. Nc2 Nxd5 13. Qxd5 Rb8 14. Nb4 0-0 15. Rd1 Bb7 16. Qd3 a5 17. Nd5 b4 18. c4 g6 19. Be2 Bg5 20. 0-0 Rc8 21. a3 Bxd5 22. Qxd5 bxa3 23. bxa3 Be7 24. Rb1 Rc5 25. Qb7 Qc7 26. Qxc7 Rxc7 27. Rb5 Ra8 28. a4 1/2-1/2

[Event "THA-chT"]
[Site "Bangkok"]
[Date "2015.12.06"]
[Round "5.1"]
[White "Schebler, Gerhard"]
[Black "Suwanvaree, Porawee"]
[Result "1-0"]
[WhiteElo "2452"]
[BlackElo "1607"]
[PlyCount "61"]
[EventDate "2015.12.04"]
[EventType "team-swiss"]
[EventRounds "9"]
[EventCountry "THA"]
[SourceTitle "CBM 170 Extra"]
[Source "ChessBase"]
[SourceDate "2016.02.25"]
[SourceVersion "1"]
[SourceVersionDate "2016.02.25"]
[SourceQuality "1"]
[WhiteTeam "SamutPrakarn Bangapi"]
[BlackTeam "KUS Warriors"]
[WhiteTeamCountry "THA"]
[BlackTeamCountry "THA"]

1. e4 c5 2. Nf3 g6 3. d4 cxd4 4. Qxd4 Nf6 5. Nc3 Nc6 6. Qa4 Bg7 7. e5 Ng8 8. Bf4 a6 9. 0-0-0 b5 10. Bxb5 Bb7 11. Bc4 Nh6 12. e6 d6 13. exf7+ Nxf7 14. Bxf7+ Kxf7 15. Qb3+ Kf8 16. Ng5 Ke8 17. Qf7+ Kd7 18. Rxd6+ Kc8 19. Qe6+ Kb8 20. Rxd8+ Ka7 21. Be3+ Bd4 22. Rxd4 Nxd4 23. Bxd4+ Kb8 24. Qxe7 Rc8 25. Be5+ Ka7 26. Bd4+ Kb8 27. Qd6+ Rc7 28. Ne6 Ra7 29. Qxc7+ Ka8 30. Qd8+ Bc8 31. Qxc8# 1-0